000 00296nam a2200121Ia 4500
005 20251222155124.0
008 251222s9999||||xx |||||||||||||| ||spa||
082 _aMEQ.253
100 _aCuerpo medico EsSalud.
245 0 _aHospitalizacion de emergencias Grau
264 _bEsSalud
942 _cLIB
999 _c38546
_d38546